00317nam a2200121Ia 4500008004100000020001400041041000800055082000800063100002500071245005300096260003800149300000800187230724s2011 xx und d a082303139 aeng a526 aKRYGIER J. & WOOD D. aMAKING MAPS A VISUAL GUIDE TO MAP DESIGN FOR GIS bTHE GUILFORD PRESS NEW YORKc2011 a256